004330000a2200109000450024500980000004400130009804100140011165100370012570000220016210000340018477301050021810aGastrópodos de la región subexerofítica de La Herrera, Mosquera, Cundinamarca. Colombia aColombia0 aEspañol 4pColombiadCundinamarcamMosquera1 aLinares, Edgar L.1 aVera Ardila, Mónica Lucía1 tRevista de la Academia Colombiana de ciencias exactas, físicas y naturalesh112q439-456d2005g29